Poster Portions (2012) Quiz Stats

 Plays Quiz Updated Dec 2, 2018

Support Sporcle.
Go Orange.
Score 0/40 Timer 08:00
1 Play Today
% Correct
Brave
92.6%
Ted
91.8%
The Avengers
89.1%
Life of Pi
87.3%
Madagascar 3:
Europe's Most Wanted
86.1%
Wreck-It Ralph
85.1%
The Hunger Games
85%
The Hobbit:
An Unexpected Journey
84.9%
The Lorax
84.6%
The Dark Knight Rises
84.4%
Ice Age:
Continental Drift
83.7%
The Amazing Spider-Man
83.5%
Men in Black 3
81.5%
21 Jump Street
79.7%
Hotel Transylvania
75.5%
Skyfall
69.4%
Les Misérables
63.9%
Taken 2
62.8%
The Perks of
Being a Wallflower
60.4%
Silver Linings Playbook
58.7%
% Correct
Lincoln
55.7%
The Cabin in the Woods
55.3%
Frankenweenie
52.5%
Flight
47.8%
Dark Shadows
43.7%
Jack Reacher
40.8%
Cloud Atlas
32.1%
Rise of the Guardians
32%
Prometheus
31.5%
Looper
29.2%
The Bourne Legacy
28.7%
The Campaign
25.6%
ParaNorman
24%
John Carter
23.7%
Seven Psychopaths
23.5%
Moonrise Kingdom
21.6%
Argo
19.4%
Killing Them Softly
12.2%
Beasts of the Southern Wild
11.9%
Amour
7.6%

From the Vault

The Big British American Role Switch

by Queenie84

Movies 8m
Hold up, Abraham Lincoln was British?!
Remove Ads.
Support Sporcle.
Get the best of Sporcle when you Go Orange. This ad-free experience offers more features, more stats, and more fun while also helping to support Sporcle. Thank you for becoming a member.

Show Comments

Extras

Top Quizzes Today


Score Distribution

Your Account Isn't Verified!

In order to create a playlist on Sporcle, you need to verify the email address you used during registration. Go to your Sporcle Settings to finish the process.

Report this User

Report this user for behavior that violates our Community Guidelines.

Details: